000
00289nam a22001337a 4500
008
170923b xxu||||| |||| 00| 0 eng d
020
_a
9780324560848
041
_a
eng
080
_a
37
100
_a
46
101
_a
EDU
245
_a
FRAUD EXAMINATION
_c
ALBRECHT, W.S
942
_2
udc
_c
BK
999
_c
29394
_d
29394